Design and analysis of cross-over trials

Αποθηκεύτηκε σε:
Λεπτομέρειες βιβλιογραφικής εγγραφής
Κύριος συγγραφέας: Jones, Byron, 1951-
Άλλοι συγγραφείς: Kenward, Michael G., 1956-
Μορφή: Βιβλίο
Γλώσσα:English
Δημοσίευση: London : Chapman & Hall, c1989.
Σειρά:Monographs on statistics and applied probability ; 34
Θέματα:
Ετικέτες: Προσθήκη ετικέτας
Δεν υπάρχουν, Καταχωρήστε ετικέτα πρώτοι!

MARC

LEADER 00000cam a2200000 i 4500
001 1/1333
008 000417s1989 enk| ||| |||| ||eng||
020 |a 0412300001 
035 |l 10059980 
040 |a GR-MyUa  |b gre  |e AACR2 
041 0 |a eng 
082 7 |a 610.724   |2 (22) 
100 1 |a Jones, Byron,   |d 1951- 
245 1 0 |a Design and analysis of cross-over trials /   |c Byron Jones and Michael G. Kenward. 
260 |a London :   |b Chapman & Hall,   |c c1989. 
300 |a xii, 340 σ. :   |b εικ. ;   |c 23 εκ. 
490 1 |a (Monographs on statistics and applied probability ;   |v 34) 
504 |a Περιλαμβάνει βιβλιογραφικές παραπομπές και ευρετήρια. 
650 0 0 |a Crossover trials. 
700 1 |a Kenward, Michael G.,   |d 1956- 
830 0 |a Monographs on statistics and applied probability ;  |v 34 
852 |a INST  |b SAMOS  |e 20000417  |h 610.724 JON  |p 005300017637  |q 005300017637  |t BK  |y 0 
901 |a BIBL3-2000-2 
922 |a 3ΕΛΗ  |b 200003  |c ΚΠΣ  |d ΠΑΠΑΣΩΤΗΡΙΟΥ 
950 |a 116-1999-12-31 
970 |a ΓΕΝΟΥΖΟΥ  |b ΧΡΥΣΑΝΘΗ  |z 2000/05/08